000 00955nam a2200229 i 4500
001 186514
003 SpMaBN
005 20230906222702.0
008 161121s2001 sp o c |||| | spa d
020 _a84-607-2593-6
080 _a7.032(460)(083.824)
245 0 0 _aDentro y fuera
_b: seis intervenciones de artistas en el Casco Histórico de Cáceres : 23 de marzo al 2 de mayo de 2001 /
_c[Daniel Canogar, Rui Chafes, Pello Irazu, Rui Sanches, Susana Solano, Montserrat Soto ; idea de la exposición... y catálogo, Aurora García].
260 _a[Don Benito, Badajoz] :
_bFEVAL,
_c[2001]
300 _a153 p. :
_bprincipalmente il., fot. col. y n. ;
_c23 cm.
650 1 7 _aArte español-
_yS.XX-
_vExposiciones.
_910206
650 0 4 _aArte-
_zCáceres.
_910082
655 7 _2tgfbne
_9193628
_aCatálogos de exposiciones
700 1 _aGarcía, Aurora.
_9161338
852 _aES-MaACL
_jL-30858
942 _2udc
999 _c186514
_d186514